BIBLIOTECA

SENCICO

Levantamientos y controles topográficos para el diseño y construcción de aeropuertos, con equipos GPS y estaciones totales / (Registro nro. 4250)

Detalles MARC
000 -LEADER
fixed length control field 01102nam a22002537a 4500
003 - CONTROL NUMBER IDENTIFIER
control field PE SENCICO BE
005 - DATE AND TIME OF LATEST TRANSACTION
control field 20251020182640.0
008 - FIXED-LENGTH DATA ELEMENTS--GENERAL INFORMATION
fixed length control field 230712b |||||||| |||| 00| 0 eng d
040 ## - CATALOGING SOURCE
Original cataloging agency PE SENCICO BE
Transcribing agency PE SENCICO BE
084 ## - OTHER CLASSIFICATION NUMBER
Classification number I
-- TOP
-- 2017
Item number Q9
100 1# - MAIN ENTRY--PERSONAL NAME
9 (RLIN) 1242
Personal name Quispe Letona, Edwin
Relator term autor
245 1# - TITLE STATEMENT
Title Levantamientos y controles topográficos para el diseño y construcción de aeropuertos, con equipos GPS y estaciones totales /
Statement of responsibility, etc. Edwin Quispe Letona
260 ## - PUBLICATION, DISTRIBUTION, ETC.
Place of publication, distribution, etc. Lima :
Date of publication, distribution, etc. 2017
300 ## - PHYSICAL DESCRIPTION
Extent 60 h. :
Other physical details il. col., diagrs., tabls. ;
Dimensions 29 cm.
502 ## - DISSERTATION NOTE
Dissertation note Monografía de Titulación.-- Servicio Nacional de Capacitación para la Industria de la Construcción. Escuela Superior Técnica. Carrera Profesional Técnica en Topografía y Geodesía, 2017.
504 ## - BIBLIOGRAPHY, ETC. NOTE
Bibliography, etc. note Bibliografía: h. 60
650 14 - SUBJECT ADDED ENTRY--TOPICAL TERM
9 (RLIN) 4
Topical term or geographic name entry element Topografía
650 24 - SUBJECT ADDED ENTRY--TOPICAL TERM
9 (RLIN) 116
Topical term or geographic name entry element Levantamiento topográfico
650 24 - SUBJECT ADDED ENTRY--TOPICAL TERM
9 (RLIN) 911
Topical term or geographic name entry element GPS
650 24 - SUBJECT ADDED ENTRY--TOPICAL TERM
9 (RLIN) 1177
Topical term or geographic name entry element Aeropuertos
710 1# - ADDED ENTRY--CORPORATE NAME
Corporate name or jurisdiction name as entry element Servicio Nacional de Capacitación para la Industria de la Construcción.
Subordinate unit Escuela Superior Técnica
9 (RLIN) 1065
910 ## - USER-OPTION DATA (OCLC)
-- hfp
-- hfp
942 ## - ADDED ENTRY ELEMENTS (KOHA)
Koha item type Monografía de Titulación
Existencias
Fecha de la última vez que lo usaron Número de ingreso o de inventario Pago total Signatura topográfica completa Precio efectivo desde Tipo de documento Estado perdido Estado dañado No es para préstamo Retirado Ubicación permanente Ubicación actual Fecha de adquisición
12/07/2023 I-00090   I/TOP/2017/Q9 12/07/2023 Monografía de Titulación         Biblioteca Central Lima Biblioteca Central Lima 12/07/2023